000 00326nam a2200133Ia 4500
008 210716s2012 xx 000 0 und d
041 _aeng
082 _a374.22 MANO
245 _aManorama: yearbook 2012.
_bYearbook 2012.
250 _a1
260 _aNew Delhi
_bMalayala Monorama
_c2012
300 _a1038
650 _aNone
999 _c207267
_d207267